<?xml version="1.0" encoding="UTF-8"?>
<collection xmlns="http://www.loc.gov/MARC21/slim">
 <record>
  <leader>00744pamaa2200169   4500</leader>
  <controlfield tag="001">0000036559</controlfield>
  <controlfield tag="005">20070203090000.0</controlfield>
  <datafield tag="020" ind1="0" ind2="0">
   <subfield code="a">0853695563 (pbk) </subfield>
  </datafield>
  <datafield tag="090" ind1="0" ind2="0">
   <subfield code="a">RS125 </subfield>
   <subfield code="b">BRI 2003</subfield>
  </datafield>
  <datafield tag="245" ind1="1" ind2="0">
   <subfield code="a">BRITISH national formulary : </subfield>
   <subfield code="b">BNF september 2003.</subfield>
  </datafield>
  <datafield tag="260" ind1="0" ind2="0">
   <subfield code="a">London: </subfield>
   <subfield code="b">British Medical Association, </subfield>
   <subfield code="c">2003.</subfield>
  </datafield>
  <datafield tag="300" ind1=" " ind2=" ">
   <subfield code="a">x, 836p.; </subfield>
   <subfield code="c">22cm.</subfield>
  </datafield>
  <datafield tag="650" ind1="0" ind2="0">
   <subfield code="a">Medicine -- </subfield>
   <subfield code="x">Formulae, receipts </subfield>
  </datafield>
  <datafield tag="650" ind1="0" ind2="0">
   <subfield code="a">Pharmacology -- </subfield>
   <subfield code="x">Periodicals -- </subfield>
   <subfield code="x">Great Britain -- </subfield>
   <subfield code="y">Drugs </subfield>
  </datafield>
  <datafield tag="700" ind1="0" ind2="1">
   <subfield code="a">British Medical Association </subfield>
  </datafield>
  <datafield tag="901" ind1=" " ind2=" ">
   <subfield code="u">http://www.pharmpress.com/shop/mainframe2.asp?http://www.pharmpress.com/shop/product_display.asp?mscssid=NGNG648S28279P4RNQJQC4FRLR6W8TQ9&amp;SiteLanguage=ENG&amp;PageType=feature&amp;productid=0853695563&amp;productname=British+National+Formulary</subfield>
  </datafield>
 </record>
</collection>
